Statistics for 1970s Albums (Medium)

Click here to take the quiz!

General Stats

  • This quiz has been taken 152 times
    (77 since last reset)
  • The average score is 15 of 20

Answer Stats

Answer% Correct
Imagine - John Lennon
100%
Who's Next - The Who
90%
Born to Run - Bruce Springsteen
88%
Sticky Fingers - The Rolling Stones
85%
Led Zeppelin IV - Led Zeppelin
84%
Wish You Were Here - Pink Floyd
82%
London Calling - The Clash
81%
Blood on the Tracks - Bob Dylan
78%
Rocket to Russia - The Ramones
77%
Transformer - Lou Reed
77%
Bat Outta Hell - Meat Loaf
75%
Songs in the Key of Life - Stevie Wonder
75%
A Night at the Opera - Queen
74%
Pearl - Janis Joplin
74%
Dreamboat Annie - Heart
71%
Raw Power - Iggy Pop and the Stooges
70%
The Rise and Fall of Ziggy Stardust and the Spiders From Mars - David Bowie
70%
This Year's Model - Elvis Costello
67%
Paranoid - Black Sabbath
64%
Cosmo's Factory - Creedence Clearwater Revival
49%

Score Distribution

Percentile by Number Answered

Percent of People with Each Score

Your Score History

You have not taken this quiz since the last reset